Normal view
MARC view
Entry Geographic Name
001 - CONTROL NUMBER
- control field: 25956
003 - CONTROL NUMBER IDENTIFIER
- control field: ARRUPE
005 - DATE AND TIME OF LATEST TRANSACTION
- control field: 20160920113455.0
008 - FIXED-LENGTH DATA ELEMENTS
- fixed length control field: 160920|| aca||aabn | a|a d
040 ## - CATALOGING SOURCE
- Original cataloging agency: ARRUPE
- Transcribing agency: ARRUPE
151 ## - HEADING--GEOGRAPHIC NAME
- Geographic name: Zimbabwe
- General subdivision: History
- Chronological subdivision: Chimurenga War, 1966-1980.
670 ## - SOURCE DATA FOUND
- Source citation: Work cat.: (ARRUPE)0: Dennison, André. 25953, The war diaries of André Dennison /, 1989.